|
|
|
|
| LEADER |
00000nas a22000007i 4500 |
| 001 |
ssj0000970606 |
| 003 |
WaSeSS |
| 005 |
20200512172242.0 |
| 006 |
m d |
| 007 |
cr n |
| 008 |
130510c20149999maufn p s 0 a0eng |
| 010 |
|
|
|a 2013201246
|
| 016 |
7 |
|
|a 2759401 4
|2 DE-600
|
| 022 |
|
|
|a 2328-9562
|l 2328-9554
|y 2328-9554
|
| 035 |
|
|
|a (WaSeSS)ssj0000970606
|
| 037 |
|
|
|b Walter de Gruyter, Inc., Subscription Office - The Americas
|
| 040 |
|
|
|a DLC
|b eng
|c DLC
|d OCLCQ
|d DLC
|d LOA
|d DLC
|d CUY
|d OCLCO
|d OCLCF
|d OCLCO
|d AU@
|d WaSeSS
|
| 042 |
|
|
|a pcc
|a nsdp
|
| 043 |
|
|
|a aw-----
|
| 050 |
0 |
0 |
|a ELECTRONIC RESOURCE
|
| 050 |
|
4 |
|a DS41
|
| 082 |
1 |
0 |
|a 956
|2 15
|
| 210 |
0 |
|
|a J. ancient Near East. history
|b (Internet)
|
| 222 |
|
0 |
|a Journal of ancient Near Eastern history
|b (Internet)
|
| 245 |
0 |
0 |
|a Journal of ancient Near Eastern history
|h [electronic resource].
|
| 260 |
|
|
|a Boston, MA :
|b Walter de Gruyter, Inc.,
|c 2014-
|
| 310 |
|
|
|a Two issues per year
|
| 362 |
1 |
|
|a Began with Volume 1, Issue 1 (Feb. 2014).
|
| 506 |
|
|
|a License restrictions may limit access.
|
| 588 |
|
|
|a Description based on: Volume 1, Issue 1 (Feb. 2014) (journal home page viewed March 13, 2014).
|
| 588 |
|
|
|a Latest issue consulted: Volume 1, Issue 1 (Feb. 2014) (viewed March 13, 2014)
|
| 650 |
|
7 |
|a Antiquities.
|2 fast
|0 (OCoLC)fst00810745
|
| 651 |
|
0 |
|a Middle East
|x History
|v Periodicals.
|
| 651 |
|
0 |
|a Middle East
|x Antiquities
|v Periodicals.
|
| 651 |
|
7 |
|a Middle East.
|2 fast
|0 (OCoLC)fst01241586
|
| 655 |
|
0 |
|a Electronic journals.
|
| 776 |
0 |
8 |
|i Print version:
|t Journal of ancient Near Eastern history
|x 2328-9554
|w (DLC) 2013201245
|w (OCoLC)842399259
|
| 856 |
4 |
0 |
|z Full text available from Research Library: 01/01/2014 to 6 months ago
|u https://search.proquest.com/publication/2034448
|